Days of the Week in German - Statistics

General Stats
  • This quiz has been taken 65 times
  • The average score is 6 of 7
Answer Stats
English German % Correct
Monday Montag
98%
Sunday Sonntag
90%
Friday Freitag
83%
Thursday Donnerstag
81%
Tuesday Dienstag
79%
Wednesday Mittwoch
79%
Saturday Samstag
75%
No matching quizzes found
Score Distribution
Percent of People with Each Score
Percentile by Number Answered
Your Score History
You have not taken this quiz